000 00554cam a22002051 4500
001 ne 64000949
003 DLC
005 20260227111758.0
008 890427s1963 ua 000 1 ara c
010 _ane 64000949
025 _aPL480:UAR-3784
035 _a(OCoLC)19614709
040 _aPrinceton Univ. Libr.
_cWaU
_dWaU
_dDLC
042 _apremarc
050 0 0 _aPJ7840.A3954
_bJ5
100 1 _aJamal, Riḍā.
245 1 0 _aJirāḥ
_c[taʼlīf] Riḍā al-Jamal.
260 _aal-Qāhirah,
_bʻĀlam al-Kutub
_c[1963?]
300 _a195 p.
_c20 cm.
999 _c46905
_d46905